| 000 | 01421cam a22003977a 4500 | ||
|---|---|---|---|
| 003 | CHAP | ||
| 005 | 20220817043910.0 | ||
| 008 | 030624s2003 mx r 00010 spa d | ||
| 010 | _a87424 | ||
| 011 | _a88396 | ||
| 035 | _a98941 | ||
| 040 | _cCHAP | ||
| 090 | _aTesis | ||
| 100 | 0 | 0 |
_aVillegas Pérez, Isidro. _9119767 |
| 245 | 1 | 0 |
_aManejo de rebrotes de Eucalyptus globulus Labillardiere en el altiplano mexicano _c/por Isidro Villegas Pérez |
| 260 |
_aChapingo, Méx. : _bEl autor, _c2003. |
||
| 300 |
_a74 h. : _bilus. |
||
| 502 | _aTesis (Ing. Forestal) --UACH. División de Ciencias Forestales | ||
| 530 | _aTambién disponible en línea | ||
| 590 |
_aALEPH _b10 _c20130110 _lUCH01 _h1454 |
||
| 590 |
_aBATCH-UPD _b10 _c20130110 _lUCH01 _h0800 |
||
| 590 |
_aBATCH-UPD _b10 _c20130410 _lUCH01 _h0439 |
||
| 590 |
_aBATCH-UPD _b10 _c20130914 _lUCH01 _h0722 |
||
| 590 |
_aBATCH-UPD _b10 _c20140324 _lUCH01 _h1439 |
||
| 590 |
_aBATCH-UPD _b10 _c20141002 _lUCH01 _h0818 |
||
| 590 |
_aCONVERSION _b10 _c20130109 _lUCH01 _h1348 |
||
| 650 | 1 | 4 |
_aÁrboles _xPropagacion. _96637 |
| 650 | 1 | 4 |
_aBosques _xRegeneración. _914377 |
| 650 | 1 | 4 | _aEucalipto. |
| 856 |
_3Finding aid _uhttp://10.13.5.2/tesis/98941.pdf _zTeclea aqui |
||
| 901 | _aBK | ||
| 905 | _aAlejandra Carrasco M. | ||
| 942 | _cFOLL | ||
| 949 |
_aTesis _bBC _cTES _d33724000897799 _eTS2 _fc.2 _h41233 _i98941 _si |
||
| 949 |
_aTesis _bBC _cTES _d989411 _eTS1 _h41232 _i98941 _sb |
||
| 999 |
_c87424 _d87424 |
||